000 00488nam a2200169 i 4500
001 26590
003 ES-MaACL
005 20230906153452.0
007 t|
008 030109s1934 fr ||||1| fre d
100 1 _aAveline, Claude.
_924002
245 1 3 _aLa promenade égyptienne /
_cClaude Aveline.
260 _aParísEmile-Paul fr´res,
_c1934 (
_fEvreuse Ch. Herissey)
300 _a370 p., 40 lám. ;
_c20 cm.
651 4 _aEgipto-
_xDescripción.
_98141
852 _aES-MaACL
_jA-2436
999 _c26590
_d26590